Využívanie benefitov pri tvorbe systému odmeňovania diplomová práca

Na minha lista:
Detalhes bibliográficos
Autor principal: Smrtičová, Stanislava
Autor Corporativo: Fakulta podnikového manažmentu EU. Katedra manažmentu
Outros Autores: Joniaková, Zuzana, 1970-
Formato: Livro
Idioma:eslovaco
Publicado em: Bratislava 2015
Tags: Adicionar Tag
Sem tags, seja o primeiro a adicionar uma tag!

MARC

LEADER 00000nbm a2200000 4500
001 0201271
005 20161212101247.1
041 0 |a slo 
044 |a SK 
245 1 0 |a Využívanie benefitov pri tvorbe systému odmeňovania  |b diplomová práca  |c Stanislava Smrtičová ; školiteľ: Zuzana Joniaková 
264 1 |a Bratislava  |c 2015 
300 |a 77 s. 
100 1 |a Smrtičová, Stanislava 
700 1 |a Joniaková, Zuzana, 1970- 
710 2 |a Fakulta podnikového manažmentu EU. Katedra manažmentu